000 02234cam a2200433 i 4500
001 a7296518
005 20220203150917.0
008 210317t20212021utua b 001 0 eng
010 _a 2021012164
020 _a9781629728230
_q(trade paperback)
020 _a1629728233
_q(trade paperback)
035 _a(OCoLC)1245247408
040 _aUPB/DLC
_beng
_erda
_cDLC
_dOCLCO
_dOCLCF
_dRB0
_dUBY
042 _apcc
050 0 0 _aBX8643.P63
_bN37 2021
082 0 0 _a261.8/3584230882893
_223
090 _aBX8643.9
_b.N171L 2021
092 _a261.8
100 1 _aNash, Brittany Chapman,
_eauthor.
_96417582
245 1 0 _aLet's talk about polygamy /
_cBrittany Chapman Nash.
246 3 0 _aPolygamy
264 1 _aSalt Lake City, Utah :
_bDeseret Book,
_c[2021]
264 4 _c©2021
_bDeseret Book,
_aSalt Lake City, Utah :
300 _aix, 134 pages :
_billustrations ;
_c18 cm.
336 _atext
336 _astill image
337 _aunmediated
338 _avolume
490 1 _aLet's talk about
504 _aIncludes bibliographical references and index.
505 0 _aIntroduction : piecing together polygamy -- Beginnings of polygamy (1830-40) -- Nauvoo polygamy (1841-46) -- Polygamy in transition (1846-47) -- Growth of polygamy in the West (1847-81) -- The antipolygamy crusade (1882-90) -- Post-Manifesto and beyond -- How did polygamy work? -- Why practice polygamy? -- Personal journeys of faith -- Relationships between husband and wives -- Relationships among wives -- Family relationships -- Conclusion : what does polygamy mean for Latter-day Saints today?
520 _a"Latter-day Saint historian Brittany Chapman Nash gives a historical overview and explanation of the early practice of polygamy among members of The Church of Jesus Christ of Latter-day Saints"--
583 _acat
_bAME LEE pcc
_c20211007
_kklc
_5UPB
583 _acat
_bEnsign College
_c20211104
_kcjk
_5UPB
650 0 _aPolygamy
_xReligious aspects
_xChurch of Jesus Christ of Latter-day Saints
_xHistory.
_96440014
650 0 _aPolygamy
_xReligious aspects
_xMormon Church
_xHistory.
_96440015
830 0 _aLet's talk about (Deseret Book)
_96440016
942 _2ddc
_cBOOK
999 _c370058
_d370058